Iniciación sobre isotopía y radioquímica / (Record no. 175073)

MARC details
000 -LEADER
campo de control de longitud fija 00841nam a22002415i 4500
001 - NÚMERO DE CONTROL
campo de control 175073
003 - IDENTIFICADOR DE NÚMERO DE CONTROL
campo de control ES-MaACL
005 - FECHA Y HORA DE LA ÚLTIMA TRANSACCIÓN
campo de control 20250901090418.0
008 - DATOS DE LONGITUD FIJA--INFORMACIÓN GENERAL
campo de control de longitud fija 101004s1949 sp |||| | spa d
080 ## - NÚMERO DE LA CLASIFICACIÓN DECIMAL UNIVERSAL
Número de la Clasificación Decimal Universal 544.58
080 ## - NÚMERO DE LA CLASIFICACIÓN DECIMAL UNIVERSAL
Número de la Clasificación Decimal Universal 539.183.2
100 0# - ENTRADA PRINCIPAL--NOMBRE DE PERSONA
Nombre de persona Astudillo, María D.
9 (RLIN) 23697
245 10 - MENCIÓN DEL TÍTULO
Título Iniciación sobre isotopía y radioquímica /
Mención de responsabilidad, etc. por Mª D. Astudillo.
260 ## - PUBLICACIÓN, DISTRIBUCIÓN, ETC.
Lugar de publicación, distribución, etc. [Madrid] :
Nombre del editor, distribuidor, etc. Instituto Antonio de G. Rocasolano de Química Física,
Fecha de publicación, distribución, etc. 1949.
300 ## - DESCRIPCIÓN FÍSICA
Extensión VII, 167 p. ;
Dimensiones 26 cm.
490 1# - MENCIÓN DE SERIE
Mención de serie Monografías de ciencia moderna ;
Designación de volumen o secuencia 18
650 17 - PUNTO DE ACCESO ADICIONAL DE MATERIA--TÉRMINO DE MATERIA
Término de materia o nombre geográfico como elemento de entrada Radioquímica
Fuente del encabezamiento o término embne
9 (RLIN) 143433
650 14 - PUNTO DE ACCESO ADICIONAL DE MATERIA--TÉRMINO DE MATERIA
Término de materia o nombre geográfico como elemento de entrada Isótopos.
9 (RLIN) 143434
710 2# - ENTRADA AGREGADA--NOMBRE DE ENTIDAD CORPORATIVA
Nombre de entidad corporativa o nombre de jurisdicción como elemento de entrada Instituto de Química Física "Rocasolano"
9 (RLIN) 4996
830 0# - PUNTO DE ACCESO ADICIONAL DE SERIE-TÍTULO UNIFORME
Título uniforme Monografías de ciencia moderna
Designación de volumen o secuencia 18
9 (RLIN) 189470
852 ## - LOCALIZACIÓN
Ubicación ES-MaACL
Número de control de estantería E-13284
Encuadernación Olim P-555 bis
Holdings
Estatus retirado Estado de pérdida Estado de daño No para préstamo Biblioteca de origen Biblioteca actual Ubicación en estantería Fecha de adquisición Fuente de adquisición Total de préstamos Signatura topográfica completa Código de barras Visto por última vez Precio de reemplazo Tipo de ítem Koha
        Biblioteca del Ateneo de Madrid Biblioteca del Ateneo de Madrid Depósito 2 04/10/2010     E-13284 1183830 23/02/2023 23/02/2023 Libro impreso